[Event "Western Asia-ch U20 Girls"]
[Site "Waskaduwa"]
[Date "2025.06.10"]
[Round "9"]
[White "Shohradova, Lala"]
[Black "Saparya, Ghosh"]
[Result "1/2-1/2"]
[WhiteElo "2135"]
[BlackElo "1913"]
[PlyCount "114"]
[EventDate "2025.06.05"]
[EventType "swiss"]
[EventRounds "9"]
[EventCountry "SRI"]
[SourceTitle "CB27_2025"]
[SourceDate "2025.07.02"]
[SourceVersion "1"]
[SourceVersionDate "2025.07.02"]
[SourceQuality "1"]

1. d4 Nf6 2. c4 e6 3. Nc3 Bb4 4. Nf3 0-0 5. Qc2 d5 6. Bg5 c5 7. a3 Bxc3+ 8. Qxc3 cxd4 9. Nxd4 e5 10. Nc2 d4 11. Qd3 Nc6 12. e4 dxe3 13. Bxe3 Qe7 14. Nb4 Nxb4 15. axb4 Qxb4+ 16. Qd2 Qxd2+ 17. Bxd2 Bf5 18. Be2 Be4 19. 0-0 Rfe8 20. Ra5 Nd7 21. Rd1 b6 22. Ra3 Nc5 23. Rda1 a5 24. Be3 Rac8 25. Rd1 h6 26. Rd6 Re6 27. Bxc5 Rxc5 28. Rxe6 fxe6 29. Rb3 Rc6 30. Re3 Bf5 31. Rxe5 Rc5 32. Re3 Kf7 33. Rb3 Rc6 34. f4 Kf6 35. Kf2 g5 36. fxg5+ hxg5 37. Rb5 Bc2 38. h4 gxh4 39. Rh5 a4 40. Rxh4 Rd6 41. Ke3 Bd1 42. Bd3 Kg5 43. Rh8 e5 44. Rg8+ Kh4 45. g3+ Kh5 46. Ke4 Bf3+ 47. Kf5 Kh6 48. Bc2 e4 49. Bxe4 Bxe4+ 50. Kxe4 Rd2 51. Ra8 Rxb2 52. Rxa4 Kg5 53. Kd5 b5 54. cxb5 Rxb5+ 55. Kc4 Rf5 56. Ra8 Kg4 57. Rg8+ Rg5 1/2-1/2

[Event "Western Asia-ch U20 Girls"]
[Site "Waskaduwa"]
[Date "2025.06.07"]
[Round "5"]
[White "Saparya, Ghosh"]
[Black "Wadifa, Ahmed"]
[Result "1/2-1/2"]
[WhiteElo "1913"]
[BlackElo "2023"]
[PlyCount "181"]
[EventDate "2025.06.05"]
[EventType "swiss"]
[EventRounds "9"]
[EventCountry "SRI"]
[SourceTitle "CB27_2025"]
[SourceDate "2025.07.02"]
[SourceVersion "1"]
[SourceVersionDate "2025.07.02"]
[SourceQuality "1"]

1. d4 d5 2. c4 e6 3. Nc3 Nf6 4. cxd5 exd5 5. Bg5 c6 6. e3 Be7 7. Bd3 h6 8. Bh4 0-0 9. Qc2 Re8 10. Nge2 Nbd7 11. f3 b5 12. 0-0 a5 13. Bf2 Ba6 14. Ng3 Bf8 15. Rad1 Qb8 16. Rfe1 h5 17. Nf5 g6 18. Ng3 Bg7 19. h3 Nf8 20. e4 b4 21. Na4 Bxd3 22. Qxd3 dxe4 23. Nxe4 Nxe4 24. fxe4 Ne6 25. d5 Nf4 26. Qf3 Be5 27. Nb6 Ra7 28. dxc6 Ra6 29. Nd7 Qc7 30. Bg3 g5 31. Bxf4 gxf4 32. Qxh5 Rxc6 33. Nxe5 Qxe5 34. Qg4+ Rg6 35. Qe2 Rg3 36. Rd5 Qg7 37. Rf1 Rxh3 38. Rxf4 Rg3 39. Qd2 Qg6 40. Rff5 Qb6+ 41. Kh2 Rg6 42. Qf4 Qe6 43. Rfe5 Qc8 44. Rxe8+ Qxe8 45. Rxa5 Qc6 46. Rg5 Qc2 47. Qb8+ Kg7 48. Rxg6+ fxg6 49. Qxb4 Qc7+ 50. Kh3 Qd7+ 51. Kg3 Qc7+ 52. Kf3 Qf7+ 53. Ke3 Qxa2 54. Qc3+ Kh7 55. Qc7+ Kh6 56. Qf4+ Kh7 57. Qh4+ Kg7 58. Qe7+ Kh6 59. Qe5 Qb3+ 60. Kd2 Qb4+ 61. Qc3 Qd6+ 62. Kc2 Qa6 63. Qh8+ Kg5 64. Qe5+ Kh6 65. Qd4 Kh7 66. Qd3 Qc6+ 67. Kd2 Qb6 68. Qd7+ Kh6 69. Kc3 Qe3+ 70. Qd3 Qc5+ 71. Kb3 Qb6+ 72. Kc4 Qxb2 73. Qh3+ Kg5 74. Qg3+ Kh6 75. Qh3+ Kg5 76. Qe3+ Kh5 77. Qf3+ Kh6 78. Kd5 Qb5+ 79. Kd6 Qb6+ 80. Ke7 Qc7+ 81. Ke6 Qc6+ 82. Ke5 Qc5+ 83. Ke6 Qc6+ 84. Ke7 Qc7+ 85. Ke8 Qc8+ 86. Kf7 Qd7+ 87. Kf6 Qd6+ 88. Kf7 Qd7+ 89. Kf6 Qd6+ 90. Kf7 Qd7+ 91. Kf6 1/2-1/2

[Event "Goa op"]
[Site "Taleigao"]
[Date "2025.01.12"]
[Round "3"]
[White "Slizhevsky, Alexander"]
[Black "Saparya, Ghosh"]
[Result "1-0"]
[WhiteElo "2340"]
[BlackElo "1961"]
[PlyCount "113"]
[EventDate "2025.01.11"]
[EventType "swiss"]
[EventRounds "10"]
[EventCountry "IND"]
[SourceTitle "CB04_2025"]
[SourceDate "2025.01.22"]
[SourceVersion "1"]
[SourceVersionDate "2025.01.22"]
[SourceQuality "1"]

1. e4 c5 2. Nc3 Nc6 3. Bb5 Nd4 4. Bc4 g6 5. Nf3 Bg7 6. Nxd4 cxd4 7. Qf3 Nf6 8. e5 dxc3 9. exf6 cxd2+ 10. Bxd2 Bxf6 11. Bc3 Bxc3+ 12. Qxc3 0-0 13. 0-0-0 b5 14. Bxb5 Qb6 15. Bc4 Bb7 16. Rxd7 Bxg2 17. Re1 Rae8 18. Rexe7 Rxe7 19. Rxe7 Qxf2 20. b3 Bf1 21. Bxf1 Qxf1+ 22. Kb2 Qf2 23. h3 h5 24. a4 h4 25. a5 a6 26. Qc6 Qf5 27. Qxa6 Qxh3 28. Qf6 Qh1 29. Rd7 Qg2 30. Qxh4 Rc8 31. Rd8+ Rxd8 32. Qxd8+ Kh7 33. a6 Qf2 34. Qe7 Qd4+ 35. Ka2 Qc3 36. Qxf7+ Kh6 37. Qc4 Qa5+ 38. Qa4 Qc3 39. Qh4+ Kg7 40. Qe7+ Kh6 41. Kb1 Qd2 42. a7 Qd1+ 43. Kb2 Qd4+ 44. Ka2 Qc3 45. a8Q Qxc2+ 46. Ka3 Qc1+ 47. Kb4 Qd2+ 48. Kb5 Qd3+ 49. Ka5 Qc3+ 50. Ka6 Qd3+ 51. Ka7 Qd4+ 52. Kb8 Qf4+ 53. Kc8 Qf5+ 54. Kd8 Qd3+ 55. Qd7 Qf1 56. Qd6 Qh3 57. Qe4 1-0

[Event "Bhubaneswar op-A 15th"]
[Site "Bhubaneswar"]
[Date "2024.12.07"]
[Round "8"]
[White "Saparya, Ghosh"]
[Black "Saptarshi, Roy Chowdhury"]
[Result "0-1"]
[WhiteElo "1990"]
[BlackElo "2286"]
[PlyCount "110"]
[EventDate "2024.12.02"]
[EventType "swiss"]
[EventRounds "10"]
[EventCountry "IND"]
[SourceTitle "CB50_2024"]
[SourceDate "2024.11.01"]
[SourceVersion "1"]
[SourceVersionDate "2024.11.01"]
[SourceQuality "2"]

1. d4 d5 2. c4 e5 3. dxe5 d4 4. Nf3 Nc6 5. Nbd2 Nge7 6. Nb3 Nf5 7. g3 Be6 8. Bg2 Bxc4 9. Qc2 Be6 10. 0-0 Qd7 11. Bd2 0-0-0 12. Nc1 d3 13. Nxd3 Nfd4 14. Nxd4 Nxd4 15. Qd1 Nxe2+ 16. Qxe2 Qxd3 17. Qxd3 Rxd3 18. Be3 a6 19. Be4 Rd7 20. f4 g6 21. a3 Bg7 22. Rad1 Rxd1 23. Rxd1 f6 24. exf6 Bxf6 25. Rd2 Re8 26. Kf2 a5 27. Bd4 Bxd4+ 28. Rxd4 c5 29. Rd2 Kc7 30. Kf3 b5 31. g4 Bxg4+ 32. Kxg4 Rxe4 33. Kg5 Re7 34. h4 Rf7 35. Rd5 Kc6 36. Re5 Kd6 37. Re8 a4 38. Kg4 Kd5 39. Re5+ Kd4 40. h5 gxh5+ 41. Rxh5 b4 42. axb4 cxb4 43. Ra5 a3 44. bxa3 b3 45. Rb5 Kc3 46. f5 b2 47. Kg5 Kc2 48. Rc5+ Kb3 49. Rb5+ Ka2 50. f6 b1Q 51. Rxb1 Kxb1 52. a4 Ra7 53. Kh6 Kc2 54. a5 Kd3 55. a6 Ke4 0-1

[Event "Titled Tuesday intern op 10th Sep Early"]
[Site "Chess,com INT"]
[Date "2024.09.10"]
[Round "10"]
[White "George Micheal, Kevin"]
[Black "Saparya, Ghosh"]
[Result "0-1"]
[WhiteElo "2267"]
[BlackElo "1882"]
[PlyCount "78"]
[EventDate "2024.09.10"]
[EventType "swiss (blitz)"]
[EventRounds "11"]
[EventCountry "USA"]
[SourceTitle "EXT 2025"]
[Source "ChessBase"]
[SourceDate "2024.10.14"]
[SourceVersion "1"]
[SourceVersionDate "2024.10.14"]
[SourceQuality "1"]

1. e4 c5 2. Nf3 Nc6 3. Bb5 Nd4 4. Nxd4 cxd4 5. 0-0 e6 6. c3 Nf6 7. d3 a6 8. Ba4 b5 9. Bc2 dxc3 10. Nxc3 Bb7 11. Be3 d5 12. e5 d4 13. exf6 gxf6 14. Qh5 dxe3 15. fxe3 Rg8 16. e4 Qd4+ 17. Kh1 f5 18. Bb3 Qg7 19. Rf2 Bc5 20. Re2 0-0-0 21. Qf3 Kb8 22. Rc1 Qh6 23. Rf1 Rg4 24. a4 b4 25. Nd1 Bd6 26. h3 Rf4 27. Qxf4 Bxf4 28. Ref2 Bg3 29. Rf3 Be5 30. Kg1 fxe4 31. Rxf7 Bd4+ 32. Kh2 e3 33. Nxe3 Qxe3 34. Rxh7 Be5+ 35. Kh1 Qg3 36. Kg1 Qh2+ 37. Kf2 Qxg2+ 38. Ke1 Bg3+ 39. Kd1 Qxf1+ 0-1

[Event "Titled Tuesday intern op 10th Sep Early"]
[Site "Chess,com INT"]
[Date "2024.09.10"]
[Round "8"]
[White "Southcott Moyers, Indy"]
[Black "Saparya, Ghosh"]
[Result "1/2-1/2"]
[WhiteElo "2143"]
[BlackElo "1882"]
[PlyCount "141"]
[EventDate "2024.09.10"]
[EventType "swiss (blitz)"]
[EventRounds "11"]
[EventCountry "USA"]
[SourceTitle "EXT 2025"]
[Source "ChessBase"]
[SourceDate "2024.10.14"]
[SourceVersion "1"]
[SourceVersionDate "2024.10.14"]
[SourceQuality "1"]

1. Nf3 d5 2. c4 e6 3. e3 Nf6 4. b3 Be7 5. Bb2 0-0 6. Be2 b6 7. 0-0 Bb7 8. d4 c5 9. cxd5 exd5 10. Nc3 Nc6 11. Rc1 Rc8 12. dxc5 bxc5 13. Na4 Nb4 14. a3 Na6 15. Nc3 Nc7 16. Bd3 Ne6 17. Ne2 Qb6 18. Ng3 c4 19. Nf5 Bd8 20. Bxf6 Bxf6 21. bxc4 dxc4 22. Bxc4 Rfd8 23. Qe2 Qa5 24. Ng3 Qxa3 25. Rc2 a5 26. Bxe6 fxe6 27. Rxc8 Rxc8 28. Nd4 Bd5 29. Qg4 Qe7 30. Nh5 a4 31. Nf4 Rd8 32. Nxd5 exd5 33. Nc6 Qd7 34. Qxa4 Rc8 35. Rc1 Rc7 36. h3 Bb2 37. Rc2 Bf6 38. Qb5 h6 39. Rc5 Kh8 40. Nd4 Bxd4 41. exd4 Qxb5 42. Rxb5 Rc1+ 43. Kh2 Rc2 44. Kg3 Rd2 45. Rxd5 Kg8 46. Rd7 Kf8 47. Kf3 Kg8 48. h4 Rd1 49. h5 Kh7 50. g4 Rh1 51. Kf4 Rh3 52. f3 Rh1 53. Ke4 Re1+ 54. Kf5 Re3 55. f4 Re8 56. g5 Rf8+ 57. Kg4 hxg5 58. fxg5 Rf1 59. h6 Rg1+ 60. Kf4 Rf1+ 61. Ke3 Rg1 62. Rxg7+ Kh8 63. d5 Rg3+ 64. Kf4 Rf3+ 65. Ke5 Rf5+ 66. Kd6 Rxd5+ 67. Ke6 Rd6+ 68. Kf7 Rd7+ 69. Kg6 Rd6+ 70. Kh5 Rxh6+ 71. Kxh6 1/2-1/2

[Event "Titled Tuesday intern op 03rd Sep Early"]
[Site "Chess.com INT"]
[Date "2024.09.03"]
[Round "8"]
[White "Dilmukhametov, Artur"]
[Black "Saparya, Ghosh"]
[Result "0-1"]
[WhiteElo "2276"]
[BlackElo "1882"]
[PlyCount "42"]
[EventDate "2024.09.03"]
[EventType "swiss (blitz)"]
[EventRounds "11"]
[EventCountry "USA"]
[SourceTitle "EXT 2025"]
[Source "ChessBase"]
[SourceDate "2024.10.14"]
[SourceVersion "1"]
[SourceVersionDate "2024.10.14"]
[SourceQuality "1"]

1. d4 Nf6 2. Nc3 d5 3. e4 dxe4 4. f3 exf3 5. Nxf3 e6 6. Bd3 Be7 7. 0-0 c5 8. Kh1 cxd4 9. Nxd4 Nc6 10. Nf3 e5 11. Qe1 0-0 12. Qh4 Nb4 13. Bc4 Ng4 14. Qg3 Nxc2 15. Rb1 Nce3 16. Nxe5 Nxf1 17. Bxf1 Nxe5 18. Bf4 Ng6 19. Rd1 Qa5 20. Nd5 Bh4 21. Qg4 Bxg4 0-1

[Event "Titled Tuesday intern op 13th Aug Early"]
[Site "Chess.com INT"]
[Date "2024.08.13"]
[Round "5"]
[White "Saparya, Ghosh"]
[Black "Caku, Kler"]
[Result "1-0"]
[WhiteElo "1925"]
[BlackElo "1859"]
[PlyCount "53"]
[EventDate "2024.08.13"]
[EventType "swiss (blitz)"]
[EventRounds "11"]
[EventCountry "USA"]
[SourceTitle "EXT 2025"]
[Source "ChessBase"]
[SourceDate "2024.10.14"]
[SourceVersion "1"]
[SourceVersionDate "2024.10.14"]
[SourceQuality "1"]

1. d4 d5 2. c4 e6 3. Nc3 Nf6 4. cxd5 exd5 5. Bg5 Be7 6. e3 c6 7. Bd3 0-0 8. Qc2 Nbd7 9. Nge2 Re8 10. 0-0 Nf8 11. f3 h6 12. Bh4 Ne6 13. Rad1 a6 14. Bf2 Bd6 15. e4 dxe4 16. fxe4 Ng4 17. e5 Be7 18. h3 Nxf2 19. Rxf2 Bg5 20. Rf3 Nc7 21. Bh7+ Kf8 22. Rxf7+ Kxf7 23. Qg6+ Ke7 24. Qxg7+ Ke6 25. Bf5+ Kxf5 26. Rf1+ Ke6 27. Qf7# 1-0

[Event "Titled Tuesday intern op 13th Aug Early"]
[Site "Chess.com INT"]
[Date "2024.08.13"]
[Round "1"]
[White "Saparya, Ghosh"]
[Black "Jocev, Milan"]
[Result "0-1"]
[WhiteElo "1925"]
[BlackElo "2246"]
[PlyCount "90"]
[EventDate "2024.08.13"]
[EventType "swiss (blitz)"]
[EventRounds "11"]
[EventCountry "USA"]
[SourceTitle "EXT 2025"]
[Source "ChessBase"]
[SourceDate "2024.10.14"]
[SourceVersion "1"]
[SourceVersionDate "2024.10.14"]
[SourceQuality "1"]

1. d4 Nf6 2. c4 g6 3. g3 Bg7 4. Bg2 0-0 5. Nc3 d6 6. Nf3 Nc6 7. 0-0 a6 8. h3 Rb8 9. d5 Na5 10. Qd3 c5 11. dxc6 bxc6 12. Nd4 c5 13. Nc2 Bb7 14. Ne3 Bxg2 15. Kxg2 Qd7 16. Rb1 Nc6 17. Ncd5 Nxd5 18. Nxd5 e6 19. Nc3 Ne5 20. Qe4 Qb7 21. Qxb7 Rxb7 22. Ne4 Nxc4 23. b3 Rb6 24. Bf4 Ne5 25. Rfd1 d5 26. Bxe5 Bxe5 27. Nxc5 Rd8 28. Rbc1 Bd6 29. Na4 Rb7 30. Rc6 a5 31. Rdc1 Kf8 32. Ra6 Bb4 33. Rcc6 Ke7 34. Nc5 Bxc5 35. Rxc5 a4 36. Rxa4 Rdd7 37. Ra6 d4 38. Ra4 d3 39. exd3 Rxd3 40. Rac4 Rd2 41. Rc2 Rdd7 42. R5c4 f5 43. b4 e5 44. a4 Rd4 45. b5 Kd6 0-1

[Event "Dhaka Elegant Chess Academy 1st"]
[Site "Dhaka"]
[Date "2024.07.19"]
[Round "9.4"]
[White "Shahinur, Haque"]
[Black "Saparya, Ghosh"]
[Result "0-1"]
[WhiteElo "1833"]
[BlackElo "1925"]
[PlyCount "50"]
[EventDate "2024.07.11"]
[EventType "team-tourn"]
[EventRounds "11"]
[EventCountry "BAN"]
[SourceTitle "EXT 2025"]
[Source "ChessBase"]
[SourceDate "2024.10.14"]
[SourceVersion "1"]
[SourceVersionDate "2024.10.14"]
[SourceQuality "1"]
[WhiteTeam "Dipali Memorial"]
[BlackTeam "Dhaka CC"]
[WhiteTeamCountry "BAN"]
[BlackTeamCountry "BAN"]

1. e4 c5 2. Nc3 Nc6 3. Bb5 Nd4 4. Nf3 a6 5. Bd3 Nc6 6. b3 e5 7. Bb2 d6 8. h3 g6 9. 0-0 Bg7 10. a3 Nge7 11. Nh2 0-0 12. f4 exf4 13. Rxf4 d5 14. exd5 Nxd5 15. Rf1 Be6 16. Nf3 Nf4 17. Be4 Qc7 18. Qe1 Nd4 19. Nxd4 cxd4 20. Nd1 Rae8 21. Qf2 Be5 22. Kh1 Nh5 23. Bxd4 Ng3+ 24. Kg1 Bxd4 25. Qxd4 Ne2+ 0-1

[Event "Dhaka Elegant Chess Academy 1st"]
[Site "Dhaka"]
[Date "2024.07.18"]
[Round "8.3"]
[White "Dakshita, Kumawat"]
[Black "Saparya, Ghosh"]
[Result "1/2-1/2"]
[WhiteElo "1980"]
[BlackElo "1925"]
[PlyCount "103"]
[EventDate "2024.07.11"]
[EventType "team-tourn"]
[EventRounds "11"]
[EventCountry "BAN"]
[SourceTitle "EXT 2025"]
[Source "ChessBase"]
[SourceDate "2024.10.14"]
[SourceVersion "1"]
[SourceVersionDate "2024.10.14"]
[SourceQuality "1"]
[WhiteTeam "Sultana Kamal Smirity"]
[BlackTeam "Dhaka CC"]
[WhiteTeamCountry "BAN"]
[BlackTeamCountry "BAN"]

1. d4 Nf6 2. Bf4 d5 3. e3 c5 4. Nf3 Nc6 5. Nbd2 e6 6. c3 cxd4 7. exd4 Nh5 8. Be3 Bd6 9. Bd3 Nf4 10. Bxf4 Bxf4 11. g3 Bd6 12. 0-0 0-0 13. Re1 Bd7 14. Rc1 Rc8 15. b4 Re8 16. Nf1 g6 17. Ne3 Bf8 18. Ng4 f6 19. Qb3 Kg7 20. Ne3 Qb6 21. h4 Ne7 22. a4 Qd6 23. Ng2 Nc6 24. Rcd1 e5 25. dxe5 fxe5 26. Be4 d4 27. Ng5 Qf6 28. Bxc6 Bxc6 29. cxd4 h6 30. dxe5 Qe7 31. Ne4 Qxb4 32. Qf3 Be7 33. Nf4 Bd7 34. Nd5 Qa3 35. Nxe7 Qxf3 36. Rxd7 Rcd8 37. Rxb7 Rd1 38. Rxd1 Qxd1+ 39. Kg2 Rxe7 40. Rxe7+ Kf8 41. Rxa7 Qd5 42. f3 Qxe5 43. a5 Qb2+ 44. Nf2 Qb8 45. Ra6 Kg7 46. Rb6 Qa7 47. Rb5 Qa6 48. Rc5 h5 49. Rg5 Kh6 50. Rc5 Qe2 51. Rg5 Kh7 52. Rc5 1/2-1/2

[Event "Dhaka Elegant Chess Academy 1st"]
[Site "Dhaka"]
[Date "2024.07.16"]
[Round "6.4"]
[White "Saparya, Ghosh"]
[Black "Md Nurul Islam, Mahin"]
[Result "1/2-1/2"]
[WhiteElo "1925"]
[BlackElo "1833"]
[PlyCount "104"]
[EventDate "2024.07.11"]
[EventType "team-tourn"]
[EventRounds "11"]
[EventCountry "BAN"]
[SourceTitle "EXT 2025"]
[Source "ChessBase"]
[SourceDate "2024.10.14"]
[SourceVersion "1"]
[SourceVersionDate "2024.10.14"]
[SourceQuality "1"]
[WhiteTeam "Dhaka CC"]
[BlackTeam "Esoft Arena"]
[WhiteTeamCountry "BAN"]
[BlackTeamCountry "BAN"]

1. d4 d5 2. c4 e6 3. Nc3 Nf6 4. cxd5 exd5 5. Bg5 c6 6. e3 Qb6 7. Qb3 Qxb3 8. axb3 Nbd7 9. Bd3 Bb4 10. Nge2 b6 11. 0-0 Bd6 12. f3 0-0 13. e4 Bb4 14. e5 h6 15. Bh4 Nh7 16. Na2 Bd2 17. Bf2 Bg5 18. f4 Be7 19. Rfc1 Bb7 20. Nac3 Rfd8 21. h3 Nhf8 22. Bf5 g6 23. Bd3 a5 24. Ra2 c5 25. Na4 Rac8 26. Bb5 cxd4 27. Raa1 Bc5 28. Bxd7 Nxd7 29. Bxd4 Bxd4+ 30. Nxd4 Rxc1+ 31. Rxc1 Rc8 32. Rxc8+ Bxc8 33. Kf2 Kf8 34. Ke3 Bb7 35. g3 Ke7 36. Kd3 Nc5+ 37. Ke3 Nd7 38. Kd2 h5 39. Ke3 Ke8 40. Nb5 Bc6 41. Nd6+ Kf8 42. Kd4 Bxa4 43. bxa4 Nc5 44. Kxd5 Nxa4 45. b3 Nc3+ 46. Kc4 Ne2 47. Ne4 Ke7 48. h4 Ke6 49. Kd3 Nc1+ 50. Kc2 Ne2 51. Kd3 Nc1+ 52. Kc2 Ne2 1/2-1/2

[Event "Dhaka Elegant Chess Academy 1st"]
[Site "Dhaka"]
[Date "2024.07.14"]
[Round "4.4"]
[White "Saparya, Ghosh"]
[Black "Islam, Obaidul Shahin"]
[Result "1-0"]
[WhiteElo "1925"]
[BlackElo "1974"]
[PlyCount "113"]
[EventDate "2024.07.11"]
[EventType "team-tourn"]
[EventRounds "11"]
[EventCountry "BAN"]
[SourceTitle "EXT 2025"]
[Source "ChessBase"]
[SourceDate "2024.10.14"]
[SourceVersion "1"]
[SourceVersionDate "2024.10.14"]
[SourceQuality "1"]
[WhiteTeam "Dhaka CC"]
[BlackTeam "Bashir Memorial"]
[WhiteTeamCountry "BAN"]
[BlackTeamCountry "BAN"]

1. d4 d5 2. c4 c6 3. Nf3 Nf6 4. e3 Bf5 5. Nc3 e6 6. Qb3 Qb6 7. Nh4 Bg6 8. Nxg6 hxg6 9. Bd2 Nbd7 10. Be2 Qxb3 11. axb3 Bb4 12. 0-0 a6 13. f3 Bd6 14. g3 0-0 15. Kg2 e5 16. cxd5 exd4 17. exd4 cxd5 18. Rfc1 Rfe8 19. Bd3 Bb4 20. Bf4 Re6 21. Nb5 Rb6 22. g4 Rf8 23. Nc7 Bd6 24. Bxd6 Rxd6 25. Ra5 g5 26. Rc3 g6 27. b4 Nb8 28. b5 Rb6 29. Kg3 Kg7 30. bxa6 Nxa6 31. Bxa6 bxa6 32. Rxa6 Rxb2 33. Rcc6 Ng8 34. Nxd5 Rd2 35. Nc3 Rxd4 36. Ne4 Rd5 37. Rc7 Rb5 38. Raa7 Rd5 39. Nc5 Rd6 40. Nd7 Re8 41. Ne5 Nh6 42. Nxf7 Nxf7 43. Rxf7+ Kg8 44. Rg7+ Kh8 45. h4 gxh4+ 46. Kxh4 Re5 47. Rgc7 Re8 48. Kg5 Kg8 49. Kh6 g5+ 50. Kxg5 Rd5+ 51. Kh4 Rd3 52. f4 Kh8 53. f5 Rd1 54. Rh7+ Kg8 55. Rag7+ Kf8 56. Kg5 Rd6 57. f6 1-0

[Event "Wch U20 Girls 40th"]
[Site "Gandhinagar"]
[Date "2024.06.13"]
[Round "11"]
[White "Saparya, Ghosh"]
[Black "Padmini, S."]
[Result "1/2-1/2"]
[WhiteElo "1833"]
[BlackElo "1872"]
[PlyCount "84"]
[EventDate "2024.06.02"]
[EventType "swiss"]
[EventRounds "11"]
[EventCountry "IND"]
[SourceTitle "CBM 220 Extra"]
[Source "ChessBase"]
[SourceDate "2024.07.31"]
[SourceVersion "1"]
[SourceVersionDate "2024.07.31"]
[SourceQuality "1"]

1. Nf3 c5 2. b3 Nc6 3. Bb2 e6 4. e3 Nf6 5. Bb5 a6 6. Bxc6 bxc6 7. 0-0 Be7 8. Ne5 Bb7 9. f4 d6 10. Nf3 0-0 11. Nc3 d5 12. Ne2 a5 13. Rb1 Ba6 14. Re1 Rb8 15. Ne5 Qc7 16. d3 Rb7 17. Ng3 Rfb8 18. Qf3 Bd6 19. h4 Nd7 20. Nxd7 Qxd7 21. Nh5 f6 22. Bxf6 Bf8 23. Qg4 Qf7 24. Be5 Rd8 25. e4 Qg6 26. Qxg6 hxg6 27. Ng3 Be7 28. Kh2 Bxh4 29. Kh3 Bf6 30. exd5 exd5 31. Bxf6 gxf6 32. Re3 Kf7 33. Kg4 g5 34. f5 Rb4+ 35. Kf3 Rf4+ 36. Ke2 Rh8 37. Rf3 Rh2 38. Kf2 Rhh4 39. Ne2 Rb4 40. a3 Rb8 41. Rc1 Re8 42. Nc3 Bc8 1/2-1/2

[Event "Wch U20 Girls 40th"]
[Site "Gandhinagar"]
[Date "2024.06.10"]
[Round "8"]
[White "Natura, Bethi"]
[Black "Saparya, Ghosh"]
[Result "0-1"]
[WhiteElo "1697"]
[BlackElo "1833"]
[PlyCount "48"]
[EventDate "2024.06.02"]
[EventType "swiss"]
[EventRounds "11"]
[EventCountry "IND"]
[SourceTitle "CBM 220 Extra"]
[Source "ChessBase"]
[SourceDate "2024.07.31"]
[SourceVersion "1"]
[SourceVersionDate "2024.07.31"]
[SourceQuality "1"]

1. d4 Nf6 2. c4 e6 3. Nf3 d5 4. Nc3 Bb4 5. Bg5 h6 6. Bxf6 Qxf6 7. e3 0-0 8. Bd3 dxc4 9. Bxc4 c5 10. 0-0 cxd4 11. Nxd4 a6 12. Ne4 Qe7 13. a4 b6 14. Rc1 Bb7 15. Qg4 h5 16. Qf3 Nd7 17. Ba2 Nc5 18. Bb1 f5 19. Qxh5 fxe4 20. Ba2 Rf6 21. Qg4 Bd5 22. Qg5 Qf7 23. Rfd1 Rf8 24. h3 Nd3 0-1

[Event "Wch U20 Girls 40th"]
[Site "Gandhinagar"]
[Date "2024.06.06"]
[Round "5"]
[White "Saparya, Ghosh"]
[Black "Khairmode, Dhanashree"]
[Result "1-0"]
[WhiteElo "1833"]
[BlackElo "1929"]
[PlyCount "129"]
[EventDate "2024.06.02"]
[EventType "swiss"]
[EventRounds "11"]
[EventCountry "IND"]
[SourceTitle "CBM 220 Extra"]
[Source "ChessBase"]
[SourceDate "2024.07.31"]
[SourceVersion "1"]
[SourceVersionDate "2024.07.31"]
[SourceQuality "1"]

1. Nf3 Nf6 2. b3 d6 3. d4 Nbd7 4. Bb2 g6 5. g3 Bg7 6. Bg2 0-0 7. 0-0 Qe8 8. c4 e5 9. dxe5 dxe5 10. Nc3 Qe7 11. Nb5 e4 12. Nfd4 c6 13. Ba3 Nc5 14. Nc3 Qe5 15. e3 Re8 16. Qc2 Bg4 17. Bxc5 Qxc5 18. Nxe4 Nxe4 19. Bxe4 Bxd4 20. exd4 Qxd4 21. Rae1 Re5 22. Bg2 Rae8 23. Rxe5 Rxe5 24. h3 Re2 25. Qd1 Qxd1 26. Rxd1 Be6 27. Rd8+ Kg7 28. Rb8 b6 29. Bxc6 Rxa2 30. Rb7 Ra3 31. Bd5 Kf6 32. b4 Ra4 33. b5 Bxd5 34. cxd5 Ra5 35. d6 Rxb5 36. Rxa7 Rd5 37. d7 Ke7 38. Rb7 Rd1+ 39. Kg2 Rb1 40. d8Q+ Kxd8 41. Rxf7 b5 42. Rxh7 Rc1 43. Rb7 Rc5 44. h4 Ke8 45. g4 Kf8 46. Kg3 Kg8 47. Kf4 Kh8 48. f3 Kg8 49. Ke4 Rc4+ 50. Ke5 b4 51. Kf6 Rc6+ 52. Kg5 Kh8 53. Rxb4 Kg7 54. Rb7+ Kh8 55. Kh6 Rc8 56. Kxg6 Rg8+ 57. Kh6 Rf8 58. f4 Kg8 59. f5 Kh8 60. g5 Rc8 61. f6 Kg8 62. Kg6 Kh8 63. Rh7+ Kg8 64. f7+ Kf8 65. Rh8+ 1-0

[Event "IND-ch U15 Girls 39th"]
[Site "Jalgaon"]
[Date "2024.01.03"]
[Round "10"]
[White "Saparya, Ghosh"]
[Black "Lakshanaa, R."]
[Result "1-0"]
[WhiteElo "1662"]
[BlackElo "1386"]
[PlyCount "97"]
[EventDate "2023.12.27"]
[EventType "swiss"]
[EventRounds "11"]
[EventCountry "IND"]
[SourceTitle "EXT 2025"]
[Source "ChessBase"]
[SourceDate "2024.10.14"]
[SourceVersion "1"]
[SourceVersionDate "2024.10.14"]
[SourceQuality "1"]

1. d4 Nf6 2. c4 e6 3. Nc3 Bb4 4. e3 0-0 5. Bd3 c5 6. Nf3 d5 7. 0-0 Nc6 8. a3 Bxc3 9. bxc3 dxc4 10. Bxc4 Qc7 11. Qe2 e5 12. d5 Na5 13. e4 Bg4 14. Ba2 h6 15. Rb1 b6 16. h3 Bh5 17. Rb2 Nb7 18. Qe3 Nd6 19. Nd2 Bg6 20. f3 Rfe8 21. Nc4 Rad8 22. Qe1 Nxc4 23. Bxc4 Qd6 24. a4 Rb8 25. Re2 Nd7 26. f4 exf4 27. Bxf4 Ne5 28. Qg3 Re7 29. Bb5 Rd8 30. Kh1 Bh5 31. Ree1 Kh8 32. Qh4 Bg6 33. Bg5 f6 34. Rxf6 gxf6 35. Bxf6+ Kg8 36. Bxe7 Qc7 37. Bxd8 Qf7 38. Rf1 Qh7 39. Qf6 Nf7 40. e5 Qg7 41. e6 Nd6 42. e7 Qxf6 43. Rxf6 Ne8 44. Rxg6+ Kf7 45. Bxe8+ Kxe8 46. Rg8+ Kd7 47. e8Q+ Kc8 48. Qc6+ Kb8 49. Bxb6# 1-0

[Event "Asia-ch U14 Girls"]
[Site "Al Ain"]
[Date "2023.12.20"]
[Round "8"]
[White "Assylkhan, Asiya"]
[Black "Saparya, Ghosh"]
[Result "1/2-1/2"]
[WhiteElo "1702"]
[BlackElo "1662"]
[PlyCount "132"]
[EventDate "2023.12.14"]
[EventType "swiss"]
[EventRounds "9"]
[EventCountry "UAE"]
[SourceTitle "EXT 2025"]
[Source "ChessBase"]
[SourceDate "2024.10.14"]
[SourceVersion "1"]
[SourceVersionDate "2024.10.14"]
[SourceQuality "1"]

1. d4 Nf6 2. c4 e6 3. g3 d5 4. Bg2 Be7 5. Nf3 0-0 6. 0-0 dxc4 7. Ne5 Nc6 8. Nxc6 bxc6 9. Bxc6 Rb8 10. Bg2 c5 11. dxc5 Qxd1 12. Rxd1 Bxc5 13. Nc3 Ba6 14. Bf4 Rbd8 15. Bc7 Rc8 16. Bd6 Rfe8 17. Bxc5 Rxc5 18. Rd6 Ra5 19. Rad1 Kf8 20. a4 Rc8 21. f4 Ke7 22. e4 Rc7 23. e5 Nd7 24. Bc6 Nc5 25. Ne4 Nd3 26. Nf2 Rc5 27. Nxd3 cxd3 28. Be4 Rc1 29. Rxc1 Rxc1+ 30. Kf2 Bc4 31. b4 Rb1 32. b5 Rb2+ 33. Kf3 d2 34. Ke3 Bb3 35. Rxd2 Rxd2 36. Kxd2 Bxa4 37. Bd3 Kd7 38. Kc3 h6 39. Kb4 Bd1 40. Ka5 Kc7 41. Ka6 Kb8 42. Bc4 Bf3 43. f5 Bb7+ 44. Ka5 Bc8 45. b6 Bd7 46. Ka6 axb6 47. Kxb6 Kc8 48. f6 gxf6 49. exf6 Kd8 50. h4 Ba4 51. Be2 Bc2 52. Bh5 Ke8 53. Kc7 Bg6 54. Be2 Bc2 55. Bb5+ Kf8 56. Kd6 Bd1 57. Bf1 Bg4 58. Ke5 Kg8 59. Kf4 Bf5 60. g4 Bc2 61. Bb5 Bb1 62. Ke5 Kf8 63. Bc4 Bc2 64. Kf4 Kg8 65. Bb5 Bb1 66. Bc6 Bc2 1/2-1/2